| 000 | 00503nam a2200193Ia 4500 | ||
|---|---|---|---|
| 003 | GCL | ||
| 008 | 140319s9999 xx 000 0 eng d | ||
| 040 |
_aGCL / _cGCL |
||
| 082 | 0 | 4 |
_a741.747 _bA K |
| 100 | 1 | _aATKINSON, SCOTT | |
| 245 | 1 | 0 |
_aKITCHENS: PLANNING AND REMODELING / _cATKINSON, SCOTT |
| 260 |
_a[S.N] : _bSUNSET PUBLISHING COPERATION ، _c1996 |
||
| 300 | _a112 P | ||
| 650 | 0 | 4 | _aINTERIOR DECORATION |
| 650 | 0 | 4 | _aARTS |
| 650 | 0 | 4 | _aDECORATION |
| 650 | 0 | 4 | _aKITCHENS |
| 942 |
_2ddc _cBK |
||
| 999 |
_c13819 _d13819 |
||